|
|
|
|
| LEADER |
00000nam0a2200000 4500 |
| 001 |
351602 |
| 005 |
20231102010423.0 |
| 035 |
|
|
|a (RuTPU)RU\TPU\retro\6761
|
| 090 |
|
|
|a 351602
|
| 100 |
|
|
|a 20190624d1913 k y0rusy50 ca
|
| 101 |
0 |
|
|a rus
|
| 102 |
|
|
|a RU
|
| 105 |
|
|
|a a z 000zy
|
| 200 |
1 |
|
|a Новейшие чисто-гидравлические прессы и их расчет
|e Ч. 1-2
|f С. К. Конюхов
|
| 210 |
|
|
|a Екатеринослав
|c Типография Губернского Земства
|d 1913
|
| 215 |
|
|
|a 68, 58 с.
|c черт.
|
| 225 |
1 |
|
|a [Записки Екатеринославского отделения имп. Русского технического общества]
|v [№ 7-8, № 9-10]
|
| 300 |
|
|
|a Текст в русской дореформенной орфографии
|
| 316 |
|
|
|5 63413507: ШкА/4161
|a На с. 1 дарственная надпись: "В библиотеку Томского Технологического Института. От автора. 19 17/XII 13"
|
| 606 |
1 |
|
|a Прессы гидравлические
|2 stltpush
|3 (RuTPU)RU\TPU\subj\51432
|9 70027
|
| 610 |
1 |
|
|a коллекция ТПУ
|
| 610 |
1 |
|
|a труды учёных ТПУ
|
| 610 |
1 |
|
|a машиностроение
|
| 610 |
1 |
|
|a машиноведение
|
| 610 |
1 |
|
|a металлы
|
| 610 |
1 |
|
|a обработка резанием
|
| 610 |
1 |
|
|a формулы
|
| 610 |
1 |
|
|a расчеты
|
| 610 |
1 |
|
|a гидравлическая энергия
|
| 610 |
1 |
|
|a коэффициент полезного действия
|
| 610 |
1 |
|
|a давление
|
| 610 |
1 |
|
|a расход пара
|
| 610 |
1 |
|
|a аккумуляторы
|
| 610 |
1 |
|
|a расход воды
|
| 610 |
1 |
|
|a конструкции
|
| 610 |
1 |
|
|a сравнения
|
| 610 |
1 |
|
|a фазы
|
| 610 |
1 |
|
|a дарственные надписи
|
| 610 |
1 |
|
|a дары автора
|
| 610 |
1 |
|
|a дары библиотеке
|
| 675 |
|
|
|a 621.226
|v 4
|
| 700 |
|
1 |
|a Конюхов
|b С. К.
|c инженер-технолог
|c преподаватель, профессор ТТИ (1907-1923)
|f 1875-?
|g Семен Кондратьевич
|2 stltpush
|3 (RuTPU)RU\TPU\pers\23351
|9 10131
|
| 801 |
|
1 |
|a RU
|b 63413507
|c 20190624
|
| 801 |
|
2 |
|a RU
|b 63413507
|c 20210701
|g RCR
|
| 942 |
|
|
|c BK
|